| 000 | 01123cab a2200289 4500 | ||
|---|---|---|---|
| 001 | ABS50963 | ||
| 008 | 090401t1994 xxu||||| |||| 00| 0 eng d | ||
| 035 | _a(Sirsi) u3192 | ||
| 041 | _aeng | ||
| 100 | _aCushnie, J. | ||
| 245 | _aReferencing and addressing land and property data: A British standard is published | ||
| 260 | _c1994 | ||
| 350 | _a0 | ||
| 490 |
_aMapping Awareness _v8(5) June 1994, 40-43(4) |
||
| 520 | _aDiscusses efforts made by two Local Government Management Board Working Parties, in preparing and assessing specifications for referencing land and property data and for a standard address structure. Analyses the results of their work, BS7666 Parts 2 and 3, published in June 1994. | ||
| 650 | _aADDRESS STANDARD | ||
| 650 | _aBS 7666 | ||
| 650 | _aGEOGRAPHIC INFORMATION ADVISORY GROUP | ||
| 650 | _aGEOGRAPHIC REFERENCING | ||
| 650 | _aLAND AND PROPERTY GAZETTEER | ||
| 650 | _aLOCAL GOVERNMENT MANAGEMENT BOARD | ||
| 690 | _aMANAGEMENT-BUSINESS MANAGEMENT-INFORMATION MANAGEMENT | ||
| 690 | _aLAND | ||
| 690 | _aPROPERTY LAW AND PRACTICE | ||
| 942 | _n0 | ||
| 948 | _c04/03/1997 | ||
| 999 |
_c1949 _d1949 |
||